Basic Parts of the Computer - Statistics

General Stats
  • This quiz has been taken 597 times
    596 since last reset
  • The average score is 8 of 9
Answer Stats
Picture Answer % Correct
Motherboard
96%
Memory (RAM)
94%
Processor (CPU)
94%
Cooling System
91%
Peripherals
87%
Storage
87%
Case
78%
Power Supply Unit (PSU)
78%
Graphics Processing Unit (GPU)
76%
No matching quizzes found
Score Distribution
Percent of People with Each Score
Percentile by Number Answered
Your Score History
You have not taken this quiz since the last reset